=LDR 00000nam 2200000 4500 =001 INLIS000000000032202 =005 20130612134223 =008 ***********************************ind** =035 ##$$0010-061300000032202 =041 ##$$a ind =082 ##$$a 503 =090 ##$$a R. 503, Rah k.1 =100 ##$$a Rahmatia, Diah =245 ##$$a Kamus pengetahuan umum bergambar, Diah Rahmatia, Pipit Pitriana =260 ##$$a 20.. $b Bekasi =300 ##$$a vi, 81 hlm, illus, 25cm =650 ##$$a Kamus - Pengetahuan Umum =700 ##$$a Pitriana, Pipit =850 ##$$a NBPNMAT